تحميل...
The Devil`s alternative
| المؤلف الرئيسي: | |
|---|---|
| التنسيق: | Printed Book |
| منشور في: |
London, Corgi Books
1979
|
| الموضوعات: |
| LEADER | 004310000a22001450004500 | ||
|---|---|---|---|
| 082 | |a 823 FOR2/DE L9 | ||
| 100 | |a Forsyth, Frederick | ||
| 245 | |a The Devil`s alternative | ||
| 260 | |a London, Corgi Books | ||
| 260 | |c 1979 | ||
| 650 | |a English | ||
| 650 | |a Novel | ||
| 942 | |c BK | ||
| 999 | |c 17547 |d 17547 | ||
| 952 | |0 0 |1 0 |4 0 |6 823_000000000000000_FOR2DE_L9 |7 0 |8 ENG |9 17351 |a MGUL |b MGUL |d 2013-07-16 |l 0 |o 823 FOR2/DE L9 |p 21158 |r 2013-07-16 |w 2013-07-16 |y BK | ||